000 00376cam a22001217a 4500
008 180718b1988 xxu||||| |||| 00| 0 eng d
082 _aB136x54 St46r CRS
245 _aRural development: an inside look at problems and prospects
_cedited by R. Subramanian
260 _aDelhi
_bYatan
_c1988
300 _a249p.
650 _aRural development - India
700 _aSubramanian, R.
999 _c355081
_d355081